Регионална библиотека "Любен Каравелов" - Русе

Из "Записки на един ловец" (Запис номер 342919)

MARC детайли
000 -Лидер
Контролно поле с фиксирана дължина 00941nam a2200289 c 4500
003 - Код на организацията, давaща контролен номер
Контролно поле BLK
005 - Дата и час на последна редакция
Контролно поле 20210622085801.0
008 - Елементи от данни с фиксирана дължина
fixed length control field 180911b bul|||||r ||||||| ||bul||
010 ## - Наследен системен номер
LC control number 002580
040 ## - Източник на каталожния запис
Идентификатор на билиотеката - собственик на записа BLK
041 ## - Код за език
Код за езика на текст/звукозапис или на отделно заглавие Български
Код за езика КДБФ Български
080 ## - УДК
УДК - код + определител 882-32
100 1# - Редна дума - Автор
Автор ТУРГЕНЕВ, Иван
Авторска отговорност първи автор
R(LIN) 397751
245 00 - Сведения за заглавието
Заглавие Из "Записки на един ловец"
246 ## - Различни форми на заглавието
Наименование на поредна част от произведението епос-разкази
260 ## - Област на издателските данни
Място на издаване, разпространение и проч. София
Име на издателя, разпространителя и проч. Щаб на действующата армия
Година на издаване 1917
300 ## - Физическа характеристика
Страници 216 с
Размери/Мащаб 16 см
380 ## - Жанр
Жанр Литературознание
490 ## - СЕРИИ (Колекции)
Име на серия Походна войнишка библ
490 ## - СЕРИИ (Колекции)
Име на серия Частна колекция - Академик Михаил Арнаудов
Бележки за серията Дарение - Основен фонд
653 ## - Ключова дума – ненормативна
Ключова дума епос
653 ## - Ключова дума – ненормативна
Ключова дума разкази
655 ## - Ключова дума – жанр/разновидност
Данни за жанр/разновидност или ключова дума за фокус руска литература
700 1# - Други автори (авторска отговорност)
Лично име И. С. Тургенев
9 (RLIN) 458448
852 ## - Местоположение
Форматна сигнатура МА 2090
852 ## - Местоположение
Форматна сигнатура Цб 8.155.5324
Фондова буква Основен фонд - ползва се само за читалня
999 ## - СИСТЕМНИ КОНТРОЛНИ НОМЕРА
Koha biblionumber 342919
Koha biblioitemnumber 342919
942 ## - АРТИКУЛИ
Вид на библиотечния материал Книги
Скрит в OPAC Не
Периодичен библиозапис Да
944 ## - СЪЗДАВАНЕ И РЕДАКЦИЯ на ЗАПИСА
Създаване/Редакция Създаване
Дата на регистрацията/редакция 1997
Служител, извършил регистрацията/редакцията GGG
999 ## - СИСТЕМНИ КОНТРОЛНИ НОМЕРА
Koha biblioitemnumber 342919
Наличности
Код за отписване Код за изгубен артикул Източник на класификационната схема Код за повреда Коз за рестрикции Код за отдаване Артикулен № Име на библиотеката - собственик Име на библиотеката, в която се намира в момента Статус (Текущо местоположение) Местоположение - отдел Цена в лева Инвентарен номер Систематично азбучна сигнатура Баркод Номер на екземпляра Цена в евро Служебен тип на артикула Номерация (Хронология) Дата на вписване в системата
  Не е изгубен Universal Decimal Classification Не е повреден без рестрикции Специални фондове ( старопечатни, редки и ценни, фонд М. Арнаудов) 743061 Регионална библиотека "Любен Каравелов" Русе Регионална библиотека "Любен Каравелов" Русе Фонд "Михаил Арнаудов" Фонд "Михаил Арнаудов" 20.00 590112 МА 2090 120000590112 1 10.23 Книги    
  Не е изгубен Universal Decimal Classification Не е повреден без рестрикции Специални фондове ( старопечатни, редки и ценни, фонд М. Арнаудов) 743062 Регионална библиотека "Любен Каравелов" Русе Регионална библиотека "Любен Каравелов" Русе Фонд "Михаил Арнаудов" Фонд "Михаил Арнаудов" 10.00 590708 МА 2090 120000590708 3 5.11 Книги    
  Не е изгубен Universal Decimal Classification Не е повреден само за читалня Специални фондове ( старопечатни, редки и ценни, фонд М. Арнаудов) 747123 Регионална библиотека "Любен Каравелов" Русе Регионална библиотека "Любен Каравелов" Русе Фонд "Михаил Арнаудов" Фонд "Михаил Арнаудов" 20.00 590113 МА 2090 120000590113   10.23 Книги   2019-10-09
  Не е изгубен Universal Decimal Classification Не е повреден само за читалня ползва се в читалня 840172 Регионална библиотека "Любен Каравелов" Русе Регионална библиотека "Любен Каравелов" Русе Хранилище Основен фонд - ползва се само за читалня 0.17 5324 Цб 8.155.5324 900000065999   0.09 Книги   2021-07-01
Vip Innovations Ltd, Rousse, Bulgaria 2025